Molekuljarnaja teorija kapilljarnosti /

Saved in:
Bibliographic Details
Main Authors: Rowlinson, J.S (Author), Widom, B (Author)
Format: Book
Published: Moskva : Mir, 1986
Tags: Add Tag
No Tags, Be the first to tag this record!

MARC

LEADER 00000nam a22000003a 4500
001 stu20199
005 20150617225752.6
008 ------s1986----xxr---------------------d
040 |a STU  |b slo 
041 0
044 |a xxr 
080 |a 532.6 
100 1 |a Rowlinson, J.S  |4 aut 
245 1 |a Molekuljarnaja teorija kapilljarnosti /  |c [aut.]Rowlinson,J.S., Widom,B 
260 |a Moskva :  |b Mir,  |c 1986 
300 |a 375 s :  |b Grafy,lit.,index 
700 1 |a Widom, B  |4 aut 
996 |b C76020  |c C*76020  |l CCXXIVB  |s P  |a 0  |w stu20199_0001